New Testament Commentary / (Record no. 8652)

MARC details
000 -LEADER
fixed length control field 00761nam a22002417a 4500
003 - CONTROL NUMBER IDENTIFIER
control field GBCCL
005 - DATE AND TIME OF LATEST TRANSACTION
control field 20241126110655.0
008 - FIXED-LENGTH DATA ELEMENTS--GENERAL INFORMATION
fixed length control field 210713b ||||| |||| 00| 0 eng d
020 ## - INTERNATIONAL STANDARD BOOK NUMBER
International Standard Book Number 0851518982
020 ## - INTERNATIONAL STANDARD BOOK NUMBER
International Standard Book Number 9780851518985
020 ## - INTERNATIONAL STANDARD BOOK NUMBER
International Standard Book Number 085151913X
020 ## - INTERNATIONAL STANDARD BOOK NUMBER
International Standard Book Number 9780851519135
040 ## - CATALOGING SOURCE
Transcribing agency GBC
082 ## - DEWEY DECIMAL CLASSIFICATION NUMBER
Classification number 225.07
Item number WIL
100 ## - MAIN ENTRY--PERSONAL NAME
Personal name Wilson, Geoffrey B
9 (RLIN) 8444
245 ## - TITLE STATEMENT
Title New Testament Commentary /
Statement of responsibility, etc. Geoffrey B Wilson
260 ## - PUBLICATION, DISTRIBUTION, ETC.
Place of publication, distribution, etc. Edinburgh ; Carlisle, Pa. :
Name of publisher, distributor, etc. Banner of Truth Trust,
Date of publication, distribution, etc. ©2005
300 ## - PHYSICAL DESCRIPTION
Extent 2 volumes ;
Other physical details 22 cm
505 ## - FORMATTED CONTENTS NOTE
Formatted contents note v. 1. Romans to Ephesians --<br/>v. 2. Philippians to Hebrews and Revelation.
650 ## - SUBJECT ADDED ENTRY--TOPICAL TERM
Topical term or geographic name entry element Bible.
Form subdivision New Testament
General subdivision Commentaries.
9 (RLIN) 15263
650 ## - SUBJECT ADDED ENTRY--TOPICAL TERM
Topical term or geographic name entry element Bible.
Form subdivision New Testament.
9 (RLIN) 7309
942 ## - ADDED ENTRY ELEMENTS (KOHA)
Source of classification or shelving scheme Dewey Decimal Classification
Koha item type Books
Koha issues (borrowed), all copies 8
Holdings
Withdrawn status Lost status Source of classification or shelving scheme Damaged status Not for loan Home library Current Library Shelving location Date acquired Total checkouts Full call number Barcode Date last seen Date last checked out Copy number Price effective from Koha item type
    Dewey Decimal Classification     GRACE BIBLE COLLEGE GRACE BIBLE COLLEGE Biblical Studies 2021-07-13 8 225.07 WIL 020298 2025-09-15 2025-09-08 v.1 2021-07-13 Books
    Dewey Decimal Classification     GRACE BIBLE COLLEGE GRACE BIBLE COLLEGE Biblical Studies 2021-07-13 4 225.07 WIL 020303 2025-05-01 2023-03-14 v.2 2021-07-13 Books
© Grace Bible College Library 2025